| 000 | 00429nam a22001697a 4500 | ||
|---|---|---|---|
| 003 | MACL | ||
| 005 | 20160116163319.0 | ||
| 008 | 160116b xxu||||| |||| 00| 0 eng d | ||
| 040 | _cMACL | ||
| 041 | _aEnglish | ||
| 082 | _a823/BAN | ||
| 100 |
_aBanerjee Juliette _99652 |
||
| 245 | _aThe Gap-Toothed Banister A Tale Of Anglo-India | ||
| 260 |
_aNew Delhi _bNiyogi Books _c2012 |
||
| 650 |
_aFictions _932995 |
||
| 942 |
_2ddc _cBK |
||
| 999 |
_c52699 _d52699 |
||